Estudio y diseño del proceso de programación, ejecución y control de la producción en una empresa dedicada a la fabricación de bloques

Đã lưu trong:
Chi tiết về thư mục
Tác giả chính: Jarquín Castro, Marco
Định dạng: Sách
Được phát hành: San José, C.R. 2001
Những chủ đề:
Các nhãn: Thêm thẻ
Không có thẻ, Là người đầu tiên thẻ bản ghi này!

MARC

LEADER 00000nam a2200000Ia 4500
003 008805
005 20221231144200.0
008 140114s2001 cr a m 000 ||s d
040 |c cru CEDI 
090 |a TFG 4364 
100 |a Jarquín Castro, Marco  |9 7672 
245 |a Estudio y diseño del proceso de programación, ejecución y control de la producción en una empresa dedicada a la fabricación de bloques  
260 |c 2001  |a San José, C.R. 
300 |a  x, 132 hojas : ilustraciones  
500 |a  Tesis (licenciatura en ingeniería industrial)--Universidad de Costa Rica. Facultad de Ingeniería. Escuela de Ingeniería Industrial 
650 |x PRODUCCION (TEORIA ECONOMICA)   |x ADMINISTRACION   |x PROGRAMACION (ADMINISTRACION)   |x PROGRAMACION DE LA PRODUCCION  |9 7673 
942 |c TFG 
999 |c 18074  |d 18074